<?xml version="1.0" encoding="UTF-8"?>
<collection xmlns="http://www.loc.gov/MARC21/slim">
 <record>
  <leader>02078aam a22002778a 4500</leader>
  <controlfield tag="001">NCT_25880</controlfield>
  <controlfield tag="008">090916s2009                  ||||||viesd</controlfield>
  <datafield tag="999" ind1=" " ind2=" ">
   <subfield code="c">1237</subfield>
   <subfield code="d">1237</subfield>
  </datafield>
  <datafield tag="020" ind1=" " ind2=" ">
   <subfield code="c">115000</subfield>
  </datafield>
  <datafield tag="082" ind1="0" ind2="4">
   <subfield code="2">23rd ed.</subfield>
   <subfield code="a">959.7</subfield>
   <subfield code="b">Th312</subfield>
  </datafield>
  <datafield tag="100" ind1="1" ind2=" ">
   <subfield code="a">Nguyễn Thịnh</subfield>
  </datafield>
  <datafield tag="245" ind1="1" ind2="0">
   <subfield code="a">Di sản văn hoá Việt Nam : </subfield>
   <subfield code="b">Bản sắc và những vấn đề về quản lý, bảo tồn</subfield>
   <subfield code="c">Nguyễn Thịnh</subfield>
  </datafield>
  <datafield tag="250" ind1=" " ind2=" ">
   <subfield code="a">Tái bản</subfield>
  </datafield>
  <datafield tag="260" ind1=" " ind2=" ">
   <subfield code="a">H.</subfield>
   <subfield code="b">Xây dựng</subfield>
   <subfield code="c">2013</subfield>
  </datafield>
  <datafield tag="300" ind1=" " ind2=" ">
   <subfield code="a">290tr.</subfield>
   <subfield code="b">minh họa</subfield>
   <subfield code="c">24 cm</subfield>
  </datafield>
  <datafield tag="520" ind1="3" ind2=" ">
   <subfield code="a">Trình bày đối tượng, nội dung, nhiệm vụ và phương pháp nghiên cứu di sản văn hoá. Các khái niệm về bảo tồn phát huy giá trị, chức năng, phân loại, quản lí, tư liệu hoá...di sản văn hoá</subfield>
  </datafield>
  <datafield tag="653" ind1=" " ind2=" ">
   <subfield code="a">Kiến trúc</subfield>
  </datafield>
  <datafield tag="942" ind1=" " ind2=" ">
   <subfield code="2">ddc</subfield>
   <subfield code="c">BK</subfield>
  </datafield>
  <datafield tag="952" ind1=" " ind2=" ">
   <subfield code="0">0</subfield>
   <subfield code="1">0</subfield>
   <subfield code="2">ddc</subfield>
   <subfield code="4">0</subfield>
   <subfield code="6">959_700000000000000_TH312</subfield>
   <subfield code="7">0</subfield>
   <subfield code="9">9683</subfield>
   <subfield code="a">000001</subfield>
   <subfield code="b">000001</subfield>
   <subfield code="d">2018-06-05</subfield>
   <subfield code="o">959.7 Th312</subfield>
   <subfield code="p">MD.08923</subfield>
   <subfield code="r">2018-06-05</subfield>
   <subfield code="v">115000.00</subfield>
   <subfield code="w">2018-06-05</subfield>
   <subfield code="y">BK</subfield>
  </datafield>
  <datafield tag="952" ind1=" " ind2=" ">
   <subfield code="0">0</subfield>
   <subfield code="1">0</subfield>
   <subfield code="2">ddc</subfield>
   <subfield code="4">0</subfield>
   <subfield code="6">959_700000000000000_TH312</subfield>
   <subfield code="7">0</subfield>
   <subfield code="9">9684</subfield>
   <subfield code="a">000001</subfield>
   <subfield code="b">000001</subfield>
   <subfield code="d">2018-06-05</subfield>
   <subfield code="l">1</subfield>
   <subfield code="o">959.7 Th312</subfield>
   <subfield code="p">MD.08924</subfield>
   <subfield code="r">2021-01-27</subfield>
   <subfield code="s">2021-01-06</subfield>
   <subfield code="v">115000.00</subfield>
   <subfield code="w">2018-06-05</subfield>
   <subfield code="y">BK</subfield>
  </datafield>
  <datafield tag="952" ind1=" " ind2=" ">
   <subfield code="0">0</subfield>
   <subfield code="1">0</subfield>
   <subfield code="2">ddc</subfield>
   <subfield code="4">0</subfield>
   <subfield code="6">959_700000000000000_TH312</subfield>
   <subfield code="7">0</subfield>
   <subfield code="9">9685</subfield>
   <subfield code="a">000001</subfield>
   <subfield code="b">000001</subfield>
   <subfield code="d">2018-06-05</subfield>
   <subfield code="l">1</subfield>
   <subfield code="o">959.7 Th312</subfield>
   <subfield code="p">MD.08925</subfield>
   <subfield code="r">2019-11-28</subfield>
   <subfield code="s">2019-11-14</subfield>
   <subfield code="v">115000.00</subfield>
   <subfield code="w">2018-06-05</subfield>
   <subfield code="y">BK</subfield>
  </datafield>
  <datafield tag="952" ind1=" " ind2=" ">
   <subfield code="0">0</subfield>
   <subfield code="1">0</subfield>
   <subfield code="2">ddc</subfield>
   <subfield code="4">0</subfield>
   <subfield code="6">959_700000000000000_TH312</subfield>
   <subfield code="7">0</subfield>
   <subfield code="9">9686</subfield>
   <subfield code="a">000001</subfield>
   <subfield code="b">000001</subfield>
   <subfield code="d">2018-06-05</subfield>
   <subfield code="l">1</subfield>
   <subfield code="o">959.7 Th312</subfield>
   <subfield code="p">MD.08926</subfield>
   <subfield code="r">2019-03-15</subfield>
   <subfield code="s">2019-03-15</subfield>
   <subfield code="v">115000.00</subfield>
   <subfield code="w">2018-06-05</subfield>
   <subfield code="y">BK</subfield>
  </datafield>
  <datafield tag="952" ind1=" " ind2=" ">
   <subfield code="0">0</subfield>
   <subfield code="1">0</subfield>
   <subfield code="2">ddc</subfield>
   <subfield code="4">0</subfield>
   <subfield code="6">959_700000000000000_TH312</subfield>
   <subfield code="7">0</subfield>
   <subfield code="9">9687</subfield>
   <subfield code="a">000001</subfield>
   <subfield code="b">000001</subfield>
   <subfield code="d">2018-06-05</subfield>
   <subfield code="l">1</subfield>
   <subfield code="o">959.7 Th312</subfield>
   <subfield code="p">MD.08927</subfield>
   <subfield code="r">2020-12-04</subfield>
   <subfield code="s">2020-11-20</subfield>
   <subfield code="v">115000.00</subfield>
   <subfield code="w">2018-06-05</subfield>
   <subfield code="y">BK</subfield>
  </datafield>
  <datafield tag="952" ind1=" " ind2=" ">
   <subfield code="0">0</subfield>
   <subfield code="1">0</subfield>
   <subfield code="2">ddc</subfield>
   <subfield code="4">0</subfield>
   <subfield code="6">959_700000000000000_TH312</subfield>
   <subfield code="7">0</subfield>
   <subfield code="9">9688</subfield>
   <subfield code="a">000001</subfield>
   <subfield code="b">000001</subfield>
   <subfield code="d">2018-06-05</subfield>
   <subfield code="o">959.7 Th312</subfield>
   <subfield code="p">MD.08928</subfield>
   <subfield code="r">2018-06-05</subfield>
   <subfield code="v">115000.00</subfield>
   <subfield code="w">2018-06-05</subfield>
   <subfield code="y">BK</subfield>
  </datafield>
  <datafield tag="952" ind1=" " ind2=" ">
   <subfield code="0">0</subfield>
   <subfield code="1">0</subfield>
   <subfield code="2">ddc</subfield>
   <subfield code="4">0</subfield>
   <subfield code="6">959_700000000000000_TH312</subfield>
   <subfield code="7">0</subfield>
   <subfield code="9">9689</subfield>
   <subfield code="a">000001</subfield>
   <subfield code="b">000001</subfield>
   <subfield code="d">2018-06-05</subfield>
   <subfield code="l">2</subfield>
   <subfield code="o">959.7 Th312</subfield>
   <subfield code="p">MD.08929</subfield>
   <subfield code="r">2020-09-21</subfield>
   <subfield code="s">2020-09-08</subfield>
   <subfield code="v">115000.00</subfield>
   <subfield code="w">2018-06-05</subfield>
   <subfield code="y">BK</subfield>
  </datafield>
  <datafield tag="980" ind1=" " ind2=" ">
   <subfield code="a">Thư viện Trường Đại học Nam Cần Thơ</subfield>
  </datafield>
 </record>
</collection>
